Prisoner of the Vatican : (Record no. 5893)
[ view plain ]
| 000 -LEADER | |
|---|---|
| fixed length control field | 01951cam a2200385 a 4500 |
| 001 - CONTROL NUMBER | |
| control field | 56367520 |
| 003 - CONTROL NUMBER IDENTIFIER | |
| control field | OCoLC |
| 005 - DATE AND TIME OF LATEST TRANSACTION | |
| control field | 20190110155504.0 |
| 008 - FIXED-LENGTH DATA ELEMENTS--GENERAL INFORMATION | |
| fixed length control field | 040803s2004 mauaf b 001 0 eng |
| 010 ## - LIBRARY OF CONGRESS CONTROL NUMBER | |
| LC control number | 2004054097 |
| 020 ## - INTERNATIONAL STANDARD BOOK NUMBER | |
| International Standard Book Number | 0618224424 (hbk.) |
| 040 ## - CATALOGING SOURCE | |
| Original cataloging agency | DLC |
| Transcribing agency | DLC |
| Modifying agency | EYE |
| -- | OCLCQ |
| -- | HIR |
| 042 ## - AUTHENTICATION CODE | |
| Authentication code | pcc |
| 043 ## - GEOGRAPHIC AREA CODE | |
| Geographic area code | e-it--- |
| 050 00 - LIBRARY OF CONGRESS CALL NUMBER | |
| Classification number | DG798.7 |
| Item number | .K47 2004 |
| 082 00 - DEWEY DECIMAL CLASSIFICATION NUMBER | |
| Classification number | 945.63 |
| Edition number | 22 |
| Item number | K41P |
| 092 ## - LOCALLY ASSIGNED DEWEY CALL NUMBER (OCLC) | |
| Classification number | 945.63084 |
| Item number | Ker |
| 100 1# - MAIN ENTRY--PERSONAL NAME | |
| Personal name | Kertzer, David I., |
| Dates associated with a name | 1948- |
| 245 10 - TITLE STATEMENT | |
| Title | Prisoner of the Vatican : |
| Remainder of title | the popes' secret plot to capture Rome from the new Italian state / |
| Statement of responsibility, etc. | David I. Kertzer. |
| 260 ## - PUBLICATION, DISTRIBUTION, ETC. | |
| Place of publication, distribution, etc. | Boston : |
| Name of publisher, distributor, etc. | Houghton Mifflin, |
| Date of publication, distribution, etc. | 2004. |
| 300 ## - PHYSICAL DESCRIPTION | |
| Extent | x, 357 p., [16] p. of plates : |
| Other physical details | ill. ; |
| Dimensions | 24 cm. |
| 504 ## - BIBLIOGRAPHY, ETC. NOTE | |
| Bibliography, etc. note | Includes bibliographical references (p. 334-342) and index. |
| 505 0# - FORMATTED CONTENTS NOTE | |
| Formatted contents note | Introduction: Italy's Birth and Near Demise -- Destroying the Papal States -- The Pope Becomes Infallible -- The Last Days of Papal Rome -- Conquering the Holy City -- The Leonine City -- The Reluctant King -- Pius IX in Exile Again? -- The Papal Martyr -- Anticlericalism in Rome -- Two Deaths -- Picking a New Pope -- Keeping the Bishops in Line -- The Pope's Body -- Rumors of a French Conspiracy -- Preparing for Exile -- Hopes Dashed -- The Bishops' Lament -- Fears of a European War -- Giordano Bruno's Revenge -- The Pope's Secret Plan -- Epilogue: Italy and the Pope. |
| 600 00 - SUBJECT ADDED ENTRY--PERSONAL NAME | |
| Personal name | Pius |
| Numeration | IX, |
| Titles and other words associated with a name | Pope, |
| Dates associated with a name | 1792-1878. |
| 600 00 - SUBJECT ADDED ENTRY--PERSONAL NAME | |
| Personal name | Leo |
| Numeration | XIII, |
| Titles and other words associated with a name | Pope, |
| Dates associated with a name | 1810-1903. |
| 600 10 - SUBJECT ADDED ENTRY--PERSONAL NAME | |
| Personal name | Garibaldi, Giuseppe, |
| Dates associated with a name | 1807-1882. |
| 650 #0 - SUBJECT ADDED ENTRY--TOPICAL TERM | |
| Topical term or geographic name entry element | Roman question. |
| 650 #0 - SUBJECT ADDED ENTRY--TOPICAL TERM | |
| Topical term or geographic name entry element | Popes |
| General subdivision | Temporal power. |
| 650 #0 - SUBJECT ADDED ENTRY--TOPICAL TERM | |
| Topical term or geographic name entry element | Church and state |
| Geographic subdivision | Italy. |
| 651 #0 - SUBJECT ADDED ENTRY--GEOGRAPHIC NAME | |
| Geographic name | Rome (Italy) |
| General subdivision | Annexation to Italy, 1870. |
| 651 #0 - SUBJECT ADDED ENTRY--GEOGRAPHIC NAME | |
| Geographic name | Rome (Italy) |
| General subdivision | History |
| Chronological subdivision | 1870-1945. |
| 856 41 - ELECTRONIC LOCATION AND ACCESS | |
| Public note | View sample text |
| Uniform Resource Identifier | <a href="http://www.loc.gov/catdir/samples/hm051/2004054097.html">http://www.loc.gov/catdir/samples/hm051/2004054097.html</a> |
| 856 42 - ELECTRONIC LOCATION AND ACCESS | |
| Public note | View publisher description |
| Uniform Resource Identifier | <a href="http://www.loc.gov/catdir/description/hm051/2004054097.html">http://www.loc.gov/catdir/description/hm051/2004054097.html</a> |
| 942 ## - ADDED ENTRY ELEMENTS (KOHA) | |
| Source of classification or shelving scheme | Dewey Decimal Classification |
| Koha item type | Books |
| Withdrawn status | Lost status | Source of classification or shelving scheme | Damaged status | Not for loan | Collection code | Home library | Current library | Shelving location | Date acquired | Cost, normal purchase price | Total Checkouts | Full call number | Barcode | Date last seen | Price effective from | Koha item type |
|---|---|---|---|---|---|---|---|---|---|---|---|---|---|---|---|---|
| Dewey Decimal Classification | Non-fiction | Harvest Mission College | Harvest Mission College | General Stacks | 10.01.2019 | 850.00 | 945.63 K41P | 006642 | 10.01.2019 | 10.01.2019 | Books |
